000 00479nab a2200145Ia 4500
003 ES-SlBCS
005 20210601125237.0
008 140529s1977 xxu||||| |||| 00| 0 eng d
041 _aeng
100 1 _aKruks, Sonia
_9144204
245 0 0 _aMerleau-Ponty: A Phenomenological Critique of Liberalism
_c Sonia Kruks
600 1 _aMerleau Ponty, Maurice-Liberalismo
_9155890
773 0 _tPhilosophy and Phenomenological Research
_gvol. 37, 1977, págs. 344-407
_wRev1411
942 _cAR
999 _c527128
_d527128